La granja Groosham /
محفوظ في:
| المؤلف الرئيسي: | |
|---|---|
| مؤلفون آخرون: | , |
| التنسيق: | كتاب |
| اللغة: | الإسبانية |
| منشور في: |
México :
Fondo de Cultura Económica,
1997, c1996
|
| سلاسل: | (A la Orilla del Viento ; Para Los que Leen Bien)
78. |
| الموضوعات: | |
| الوسوم: |
لا توجد وسوم, كن أول من يضع وسما على هذه التسجيلة!
|
MARC
| LEADER | 00000nam^a2200000^a^4500 | ||
|---|---|---|---|
| 001 | 000380890 | ||
| 005 | 20250521000000.0 | ||
| 009 | 20260310120624.935 | ||
| 020 | |a 0-416-10172-0 | ||
| 037 | |a Acervo ITESO - Biblioteca | ||
| 041 | |a ESP | ||
| 082 | |a 808. 899282 |b HOR | ||
| 100 | |a Horowitz, Anthony |e (autor) | ||
| 245 | 1 | 3 | |a La granja Groosham / |c A. Horowitz ; il. de F. Nava Bouchaín ; tr. por L. Sosa. |
| 264 | 4 | |a México : |b Fondo de Cultura Económica, |c 1997, c1996 | |
| 300 | |a 157 p. | ||
| 336 | |a texto |b txt |2 rdacontenido | ||
| 337 | |a sin mediación |b n |2 rdamedio | ||
| 338 | |a volumen |b nc |2 rdasoporte | ||
| 440 | 1 | |a (A la Orilla del Viento ; |v 78. |p Para Los que Leen Bien) | |
| 500 | |a Traducción de: Groosham Grange | ||
| 545 | 0 | |a Radicado al norte de Londres, Inglaterra, Anthony Horowitz ha escrito libros para niños y jóvenes y también guiones para teleteatros. Entre sus obras traducidas al castellano se cuentan La granja Groosham y El horrible sueño de Harriet y otros cuentos de terror, esta última una colección de ocho relatos por la que Horowitz recibió en 1999 el Lancashire Book Award. | |
| 649 | |a XX | ||
| 650 | |a Cuentos Ingleses | ||
| 650 | |a Cuentos Infantiles | ||
| 650 | |a Literatura Inglesa - |y Siglo XX | ||
| 650 | |a Literatura Infantil - |y Siglo XX | ||
| 700 | |a Nava Bouchaín, Francisco |e (ilustración) | ||
| 700 | |a Sosa, Laura |e (traducción) | ||
| 910 | |a Fondo General | ||
| 920 | |a Impresos - Libros | ||
| 930 | |a Colección General | ||
| 940 | |a Literatura | ||
| 905 | |a 101 | ||
| 901 | |a 0500275994 |b IT1 |c LIT |i D78417 |u 20250521 | ||
| 902 | |a https://opac.biblio.iteso.mx/vufind/Record/000380890 | ||